000 00750nam a2200241 i 4500
001 C2-0277330
003 PPAK
005 20180728005409.0
008 070114s2006 nyua|||| ||||| | eng d
020 _a9780060184124
040 _aPPAK
_beng
_cPPAK
_erda
082 0 4 _a929.208996073
_223
090 0 0 _a929.208996073
_bGRA
_dLCK
100 1 _aGraham, Lawrence Otis,
_eauthor
245 1 4 _aThe senator and the socialite :
_bthe true story of America's first black dynasty
264 1 _aNew York :
_bHarperCollins ,
_c2006
300 _axv, 455 pages :
_billustrations ;
_c24 cm
336 _2rdacontent
_atext
337 _2rdamedia
_aunmediated
338 _2rdacarrier
_avolume
650 1 0 _aBruce, Blanche Kelso, 1841-1898.
942 _ddc
_cB
999 _c84547
_d84547